00725 2200229 4500001002100000005001700021008004100038020001800079035002400097082001100121090002300132100001700155245009800172260003100270300002800301440001300329534007400342650002300416700001900439700001600458999002100474YOGYA-0411000000090620110411152514.0 ind  a979-672-759-5 0010-041100000000906 a028.55 a028.55bAmo LlDEP aAMOS, Janine aLonely = rasa sepibJanine Amoscditerjemahkan oleh Y. Dwi Karatnodilustrasi oleh Gwen Green aYogyakartabKanisiusc2000 a32 hlmbillusc20x21 cm aFeelings ajudul asli : lonely. Stories about feelings and how to cope with them aBacaan kanak-kanak aDwi Karatno, Y aGreen, gwen aCB-D.11 2000-209